000 00538naa a22001577a 4500
001 232798
003 ES-MaBCM
005 20260406095838.0
008 260406s2026 uk ||||| |||| 00| 0 eng d
040 _cES-MaBCM
245 0 4 _aThe Robin Hood state :
_bTax systems in the rich world are more progressive than you think
650 7 _aImpuesto sobre el patrimonio
_958935
650 7 _aDistribución de la renta
_958427
773 0 _dLondon
_gVol. 458, n. 9487 (Feb. 2026), p. 51-53 - Loc. S.276
_tThe economist
_w104401
942 _2udc
_cAREV
999 _c232798
_d232798